| 000 | 00612nam a22001817a 4500 | ||
|---|---|---|---|
| 999 |
_c194796 _d194796 |
||
| 005 | 20230203163303.0 | ||
| 010 | _aENG-136023 | ||
| 020 |
_a9780198070603 _c595.00 |
||
| 035 | _aEN-119555 | ||
| 037 | _bDBAD/PUB | ||
| 082 | _a297.352 | ||
| 100 | _aMishra, Saurabh | ||
| 245 |
_aThe Haj From the Indian Subcontinent 1860-1920: _bPilgrimage, Politics and Pestilence/ _cby Saurabh Mishra |
||
| 260 |
_aNew Delhi _bOxford University Press _c2011 |
||
| 270 |
_aYMCA Library Building, Jai Singh Road _bNew Delhi _e110001 |
||
| 300 |
_aix, 173p. _bIndex _c22cm(hbk) |
||
| 942 |
_2ddc _cEN _h297.352 _mMIS |
||